[Event "GER-ch U18 Girls"]
[Site "Willingen"]
[Date "2004.06.01"]
[Round "6"]
[White "Brethauer, Sarah"]
[Black "Wolowski, Laura"]
[Result "1/2-1/2"]
[WhiteElo "1887"]
[BlackElo "1777"]
[PlyCount "81"]
[EventDate "2004.06.??"]
[EventType "swiss"]
[EventRounds "9"]
[EventCountry "GER"]
[SourceTitle "EXT 2005"]
[Source "ChessBase"]
[SourceDate "2004.11.15"]
[SourceVersion "1"]
[SourceVersionDate "2004.11.15"]
[SourceQuality "1"]

1. e4 e6 2. d4 d5 3. Nd2 Nc6 4. c3 e5 5. exd5 Qxd5 6. dxe5 Nxe5 7. Qa4+ Bd7 8. Qe4 Bc6 9. Qxd5 Bxd5 10. Nb3 0-0-0 11. Bf4 Ng6 12. Be3 a6 13. 0-0-0 Nf6 14. f3 Bd6 15. Nh3 Rhe8 16. Bg5 Be7 17. Bd3 h6 18. Bf5+ Kb8 19. Bxg6 fxg6 20. Bd2 g5 21. Nf2 Bxb3 22. axb3 Bc5 23. Be1 Kc8 24. Rxd8+ Rxd8 25. Nd1 Re8 26. Kd2 Nd5 27. Bg3 Kd7 28. c4 Nf6 29. Nc3 Bb4 30. Bf2 Bxc3+ 31. bxc3 Re6 32. Re1 Rxe1 33. Bxe1 Ke6 34. Ke3 g4 35. Bg3 gxf3 36. Kxf3 c6 37. Bf2 g6 38. Bd4 Nd7 39. Ke4 b5 40. cxb5 axb5 41. b4 1/2-1/2

[Event "Hessen-ch U16/18 Girls"]
[Site "Oberbernhards"]
[Date "2004.??.??"]
[Round "3"]
[White "Schulz, Maike"]
[Black "Brethauer, Sarah"]
[Result "1/2-1/2"]
[WhiteElo "1635"]
[BlackElo "1885"]
[PlyCount "39"]
[EventDate "2004.04.??"]
[EventType "swiss"]
[EventRounds "9"]
[EventCountry "GER"]
[SourceTitle "EXT 2005"]
[Source "ChessBase"]
[SourceDate "2004.11.15"]
[SourceVersion "1"]
[SourceVersionDate "2004.11.15"]
[SourceQuality "1"]

1. c4 e5 2. Nc3 Nc6 3. g3 g6 4. Bg2 Bg7 5. e3 d6 6. Nge2 Bd7 7. 0-0 f5 8. d3 Nf6 9. Rb1 a5 10. a3 0-0 11. b4 axb4 12. axb4 Rb8 13. b5 Ne7 14. Ba3 Be6 15. Qb3 Nd7 16. Na4 b6 17. f4 Nc5 18. Nxc5 dxc5 19. Bb2 Qd6 20. fxe5 1/2-1/2

[Event "Hessen-ch U16/18 Girls"]
[Site "Oberbernhards"]
[Date "2004.??.??"]
[Round "5"]
[White "Wolk, Friederike"]
[Black "Brethauer, Sarah"]
[Result "1/2-1/2"]
[WhiteElo "1995"]
[BlackElo "1885"]
[PlyCount "23"]
[EventDate "2004.04.??"]
[EventType "swiss"]
[EventRounds "9"]
[EventCountry "GER"]
[SourceTitle "EXT 2005"]
[Source "ChessBase"]
[SourceDate "2004.11.15"]
[SourceVersion "1"]
[SourceVersionDate "2004.11.15"]
[SourceQuality "1"]

1. e4 d5 2. exd5 Nf6 3. d4 Bg4 4. Nf3 Qxd5 5. Be2 Nc6 6. c3 e6 7. Nbd2 0-0-0 8. Nf1 Qa5 9. Bd2 Ne4 10. Qc2 Nxd2 11. N1xd2 Bf5 12. Qb3 1/2-1/2

[Event "GER-ch Lands U20"]
[Site "Kassel"]
[Date "2003.10.21"]
[Round "4.6"]
[White "Brethauer, Sarah"]
[Black "Mader, Manuela"]
[Result "0-1"]
[WhiteElo "1889"]
[BlackElo "1662"]
[PlyCount "84"]
[EventDate "2003.10.19"]
[EventType "team"]
[EventRounds "7"]
[EventCountry "GER"]
[SourceTitle "EXT 2004"]
[Source "ChessBase"]
[SourceDate "2003.11.25"]
[SourceVersion "1"]
[SourceVersionDate "2003.11.25"]
[SourceQuality "1"]

1. e4 e5 2. Bc4 Nf6 3. d3 c6 4. Nc3 d5 5. exd5 cxd5 6. Bb5+ Bd7 7. Qe2 Bxb5 8. Qxe5+ Be7 9. Nxb5 Qa5+ 10. Nc3 Nc6 11. Qg5 Nb4 12. Qd2 d4 13. Nge2 dxc3 14. Nxc3 0-0 15. 0-0 Rac8 16. Qd1 Nfd5 17. Bd2 Qc7 18. Qg4 Nf6 19. Qd1 Qd7 20. a3 Nbd5 21. Re1 Nxc3 22. Bxc3 Nd5 23. Be5 Bf6 24. d4 Qc6 25. c3 Bxe5 26. Rxe5 Rfe8 27. Rxe8+ Rxe8 28. Qd2 Qe6 29. Kf1 Nb6 30. Rb1 Qe4 31. Qd1 Nd5 32. Rc1 Nf4 33. Qf3 Qxf3 34. gxf3 Re2 35. b4 Ra2 36. Re1 Kf8 37. Re4 Ra1+ 38. Re1 Rxe1+ 39. Kxe1 Ke7 40. Kd2 b5 41. Ke3 g5 42. Ke4 Ke6 0-1

[Event "GER-ch U18 Girls"]
[Site "Willingen"]
[Date "2003.06.13"]
[Round "8"]
[White "Brethauer, Sarah"]
[Black "Janotta, Steffi"]
[Result "1-0"]
[WhiteElo "1646"]
[BlackElo "1768"]
[PlyCount "51"]
[EventDate "2003.06.08"]
[EventType "swiss"]
[EventRounds "9"]
[EventCountry "GER"]
[SourceTitle "CBM 094 Extra"]
[Source "ChessBase"]
[SourceDate "2003.07.09"]
[SourceVersion "2"]
[SourceVersionDate "2003.07.09"]
[SourceQuality "1"]

1. e4 e5 2. Nc3 Nf6 3. f4 d6 4. Nf3 Nc6 5. Bb5 Bd7 6. 0-0 Be7 7. d3 0-0 8. Bxc6 Bxc6 9. Kh1 exf4 10. Bxf4 Re8 11. h3 h6 12. g4 Nh7 13. Qd2 Bf6 14. Rae1 b5 15. Qf2 b4 16. Nd1 Qc8 17. Kh2 Qa6 18. h4 Qxa2 19. b3 Qa5 20. g5 hxg5 21. hxg5 Nxg5 22. Nxg5 Bxg5 23. Bxg5 Qxg5 24. Qxf7+ Kh7 25. Re3 Qe5+ 26. Kg2 1-0

[Event "GER-ch U18 Girls"]
[Site "Willingen"]
[Date "2003.06.11"]
[Round "7"]
[White "Zabarska, Natalia"]
[Black "Brethauer, Sarah"]
[Result "0-1"]
[WhiteElo "1663"]
[BlackElo "1646"]
[PlyCount "112"]
[EventDate "2003.06.08"]
[EventType "swiss"]
[EventRounds "9"]
[EventCountry "GER"]
[SourceTitle "CBM 094 Extra"]
[Source "ChessBase"]
[SourceDate "2003.07.09"]
[SourceVersion "2"]
[SourceVersionDate "2003.07.09"]
[SourceQuality "1"]

1. e4 c5 2. Nc3 e6 3. f4 d5 4. e5 Nc6 5. Nf3 Nge7 6. g3 Nf5 7. Bh3 Nfd4 8. 0-0 Nb4 9. Nxd4 cxd4 10. a3 dxc3 11. axb4 cxd2 12. Bxd2 Qb6+ 13. Kh1 Bxb4 14. c3 Be7 15. b4 Bd7 16. f5 exf5 17. Bxf5 Bc6 18. Kg2 g6 19. Bg4 h5 20. Bf3 0-0-0 21. Qc1 a6 22. Be3 Qc7 23. Bd4 Rhf8 24. Qe3 Rde8 25. Rfb1 Bf6 26. Bb6 Qxe5 27. Qc5 Qxc3 28. Qxc3 Bxc3 29. Ra3 Bf6 30. Rd3 Re6 31. Rc1 Kb8 32. Bc5 Rd8 33. Rcd1 d4 34. Bxd4 Bxd4 35. Rxd4 Rxd4 36. Rxd4 Re2+ 37. Kf1 Bxf3 38. Rd3 Bg4 39. h3 Bf5 40. Kxe2 Bxd3+ 41. Kxd3 Kc7 42. Kd4 Kd6 43. Kc4 b6 44. Kd4 f6 45. Ke4 Kc6 46. Kd4 a5 47. bxa5 bxa5 48. Kc4 Kd6 49. Kd4 a4 50. Kc4 Ke5 51. Kb4 Ke4 52. Kxa4 Kf3 53. Kb4 Kxg3 54. Kc4 Kxh3 55. Kd4 Kg2 56. Ke4 h4 0-1

[Event "GER-ch U18 Girls"]
[Site "Willingen"]
[Date "2003.06.10"]
[Round "4"]
[White "Brethauer, Sarah"]
[Black "Stejskal, Janina Maria"]
[Result "1/2-1/2"]
[WhiteElo "1646"]
[BlackElo "1744"]
[PlyCount "73"]
[EventDate "2003.06.08"]
[EventType "swiss"]
[EventRounds "9"]
[EventCountry "GER"]
[SourceTitle "CBM 094 Extra"]
[Source "ChessBase"]
[SourceDate "2003.07.09"]
[SourceVersion "2"]
[SourceVersionDate "2003.07.09"]
[SourceQuality "1"]

1. e4 e5 2. Bc4 Nf6 3. d3 c6 4. Bb3 Be7 5. f4 d6 6. Nf3 Nbd7 7. Nc3 0-0 8. a4 Qc7 9. h3 Nc5 10. Ba2 exf4 11. Bxf4 Ne6 12. Bh2 Nh5 13. Qd2 h6 14. g4 Ng5 15. Nxg5 Bxg5 16. Qf2 Nf6 17. Bf4 Bxf4 18. Qxf4 Be6 19. 0-0-0 Bxa2 20. Nxa2 b5 21. axb5 cxb5 22. g5 Rac8 23. Rh2 hxg5 24. Qxg5 Qc5 25. Qg3 b4 26. Rg2 Nh5 27. Qf3 b3 28. Nc3 bxc2 29. Rdg1 Qe5 30. Kxc2 f6 31. Rg4 Rc5 32. Qe3 Ra5 33. d4 Qe8 34. Qf3 f5 35. Rh4 fxe4 36. Qg2 Qf7 37. Rxe4 1/2-1/2

[Event "GER-ch U18 Girls"]
[Site "Willingen"]
[Date "2003.06.08"]
[Round "1"]
[White "Haecker, Sonja"]
[Black "Brethauer, Sarah"]
[Result "1-0"]
[WhiteElo "2002"]
[BlackElo "1646"]
[PlyCount "81"]
[EventDate "2003.06.08"]
[EventType "swiss"]
[EventRounds "9"]
[EventCountry "GER"]
[SourceTitle "CBM 094 Extra"]
[Source "ChessBase"]
[SourceDate "2003.07.09"]
[SourceVersion "2"]
[SourceVersionDate "2003.07.09"]
[SourceQuality "1"]

1. e4 c5 2. Nf3 d6 3. d4 cxd4 4. Nxd4 Nf6 5. Nc3 g6 6. Be2 Bg7 7. Be3 0-0 8. Qd2 Nc6 9. f3 Bd7 10. 0-0 Rc8 11. Rac1 Ne5 12. Nd1 d5 13. Bf4 Nc6 14. Nxc6 Bxc6 15. e5 Nd7 16. Bh6 Nxe5 17. Bxg7 Kxg7 18. f4 Qb6+ 19. Kh1 Nd7 20. f5 Nf6 21. Bd3 e5 22. fxe6 fxe6 23. Qe2 Rce8 24. Qe5 Re7 25. Ne3 Qc7 26. Qd4 e5 27. Qh4 e4 28. Be2 Ref7 29. c3 Qd7 30. Rcd1 Bb5 31. c4 Ba6 32. Rd4 Qe7 33. h3 dxc4 34. Bxc4 Bxc4 35. Rxc4 Kg8 36. Rfc1 Qe5 37. R4c2 Nd5 38. Rc5 Rd7 39. Rd1 Rfd8 40. Rdxd5 Rxd5 41. Qxd8+ 1-0

[Event "Bad Zwesten op 7th"]
[Site "Bad Zwesten"]
[Date "2003.??.??"]
[Round "2"]
[White "Brethauer, Sarah"]
[Black "Jageniak, Sebastian"]
[Result "1-0"]
[WhiteElo "1733"]
[BlackElo "1226"]
[PlyCount "61"]
[EventDate "2003.01.02"]
[EventType "swiss"]
[EventRounds "9"]
[EventCountry "GER"]
[SourceTitle "CBM 092 Extra"]
[Source "ChessBase"]
[SourceDate "2003.03.07"]
[SourceVersion "1"]
[SourceVersionDate "2003.03.07"]
[SourceQuality "1"]

1. e4 c5 2. Nf3 Nc6 3. d4 cxd4 4. Nxd4 e5 5. Nb5 d6 6. N1c3 a6 7. Na3 b5 8. Nd5 Nf6 9. Nxf6+ gxf6 10. c3 Bg7 11. Nc2 0-0 12. Ne3 Bh6 13. Qh5 Bxe3 14. Bxe3 Ne7 15. Bh6 Re8 16. h4 Ng6 17. Qf3 Kh8 18. h5 Nf4 19. Bxf4 exf4 20. 0-0-0 Qa5 21. Qxf4 Re6 22. Rxd6 Rxd6 23. Qxd6 Be6 24. a3 Rd8 25. Qf4 Bb3 26. Qxf6+ Kg8 27. Be2 h6 28. Qxh6 b4 29. Rh3 f6 30. Qxf6 bxa3 31. Rg3+ 1-0

[Event "Bad Zwesten op 7th"]
[Site "Bad Zwesten"]
[Date "2003.??.??"]
[Round "8"]
[White "Stojadinovic, Tomislav"]
[Black "Brethauer, Sarah"]
[Result "1/2-1/2"]
[WhiteElo "2009"]
[BlackElo "1733"]
[PlyCount "31"]
[EventDate "2003.01.02"]
[EventType "swiss"]
[EventRounds "9"]
[EventCountry "GER"]
[SourceTitle "CBM 092 Extra"]
[Source "ChessBase"]
[SourceDate "2003.03.07"]
[SourceVersion "1"]
[SourceVersionDate "2003.03.07"]
[SourceQuality "1"]

1. d4 d5 2. c4 c6 3. Nc3 Nf6 4. Nf3 Bf5 5. e3 e6 6. Nh4 Bg6 7. Nxg6 hxg6 8. cxd5 exd5 9. Qc2 Bd6 10. h3 Nbd7 11. Be2 Qc7 12. a3 a6 13. Bf3 0-0-0 14. b4 Rde8 15. 0-0 g5 16. Qf5 1/2-1/2

[Event "Baunatal op 8th"]
[Site "Baunatal"]
[Date "2002.08.09"]
[Round "1"]
[White "Wagner, Christian"]
[Black "Brethauer, Sarah"]
[Result "1-0"]
[WhiteElo "2193"]
[BlackElo "1715"]
[PlyCount "41"]
[EventDate "2002.08.09"]
[EventType "swiss"]
[EventRounds "7"]
[EventCountry "GER"]
[SourceTitle "EXT 2003"]
[Source "ChessBase"]
[SourceDate "2002.11.25"]
[SourceVersion "1"]
[SourceVersionDate "2002.11.25"]
[SourceQuality "1"]

1. e4 c5 2. Nf3 Nc6 3. g3 g6 4. Bg2 Bg7 5. 0-0 d6 6. c3 Nf6 7. Re1 0-0 8. h3 Qc7 9. d4 cxd4 10. cxd4 e6 11. Nc3 a6 12. Bf4 Rb8 13. e5 Nh5 14. exd6 Qd7 15. Ne5 Nxe5 16. dxe5 Nxf4 17. gxf4 f6 18. Na4 fxe5 19. fxe5 Qf7 20. Qd4 b6 21. Rac1 1-0

[Event "Bad Zwesten op 6th"]
[Site "Bad Zwesten"]
[Date "2002.01.08"]
[Round "7"]
[White "Poetsch, Hagen"]
[Black "Brethauer, Sarah"]
[Result "0-1"]
[WhiteElo "1343"]
[BlackElo "1625"]
[PlyCount "100"]
[EventDate "2002.01.04"]
[EventType "swiss"]
[EventRounds "9"]
[EventCountry "GER"]
[SourceTitle "CBM 086 Extra"]
[Source "ChessBase"]
[SourceDate "2002.03.14"]
[SourceVersion "1"]
[SourceVersionDate "2002.03.14"]
[SourceQuality "1"]

1. e4 c5 2. Nf3 d6 3. d4 cxd4 4. Nxd4 Nf6 5. Nc3 g6 6. Be3 Bg7 7. Bc4 0-0 8. f3 Nc6 9. Qd2 Bd7 10. 0-0-0 Qa5 11. g4 Rfc8 12. Bb3 Ne5 13. Nd5 Qxd2+ 14. Rxd2 Nxd5 15. Bxd5 Rc7 16. Rhd1 Rac8 17. h3 b6 18. f4 Nc4 19. Bxc4 Rxc4 20. Re1 Kf8 21. f5 Bc6 22. Nxc6 R8xc6 23. Bf4 Ke8 24. Bg3 Bh6 25. c3 Rd4 26. Ree2 Bxd2+ 27. Rxd2 Rxe4 28. fxg6 hxg6 29. Kc2 Re3 30. Rg2 Rc4 31. g5 Kd7 32. h4 Rg4 33. Rf2 Rexg3 34. Rxf7 Rxh4 35. Rf8 Rxg5 36. Ra8 Ra5 37. Kb3 g5 38. a3 Rh1 39. Kc2 g4 40. Rg8 Rg1 41. b4 Rf5 42. Ra8 b5 43. Rxa7+ Ke6 44. a4 Rf2+ 45. Kb3 Rb1+ 46. Ka3 Rbb2 47. Rxe7+ Kxe7 48. axb5 d5 49. b6 Ra2+ 50. Kb3 Rfb2# 0-1

[Event "Bad Zwesten op 6th"]
[Site "Bad Zwesten"]
[Date "2002.01.06"]
[Round "4"]
[White "Zunker, Reinhard"]
[Black "Brethauer, Sarah"]
[Result "1-0"]
[WhiteElo "2227"]
[BlackElo "1625"]
[PlyCount "73"]
[EventDate "2002.01.04"]
[EventType "swiss"]
[EventRounds "9"]
[EventCountry "GER"]
[SourceTitle "CBM 086 Extra"]
[Source "ChessBase"]
[SourceDate "2002.03.14"]
[SourceVersion "1"]
[SourceVersionDate "2002.03.14"]
[SourceQuality "1"]

1. e4 c5 2. Nf3 d6 3. c3 Nf6 4. Be2 Nc6 5. d3 g6 6. 0-0 Bg7 7. d4 cxd4 8. cxd4 e6 9. Nc3 0-0 10. Re1 a6 11. h3 b5 12. a3 Bb7 13. Bg5 Ne7 14. Bd3 Re8 15. Qd2 Rc8 16. Rad1 Nd7 17. Bh6 Bh8 18. Qe2 Nb6 19. Nb1 Nc6 20. e5 dxe5 21. dxe5 Qc7 22. Rc1 Nd7 23. a4 bxa4 24. Bxa6 Bxa6 25. Qxa6 Nb6 26. Na3 Qa7 27. Qb5 Nb8 28. Be3 N8d7 29. Nc4 Rb8 30. Nd6 Rf8 31. Rc6 a3 32. bxa3 Qa4 33. Qxa4 Nxa4 34. Bh6 Bg7 35. Bg5 Rb6 36. Rc4 Nac5 37. Be3 1-0

[Event "GER-ch U16 Girls"]
[Site "Winterberg"]
[Date "2002.??.??"]
[Round "1"]
[White "Buncke, Johanna"]
[Black "Brethauer, Sarah"]
[Result "0-1"]
[WhiteElo "1298"]
[BlackElo "1678"]
[PlyCount "110"]
[EventDate "2002.05.19"]
[EventType "swiss"]
[EventRounds "8"]
[EventCountry "GER"]
[SourceTitle "CBM 088 Extra"]
[Source "ChessBase"]
[SourceDate "2002.07.01"]
[SourceVersion "2"]
[SourceVersionDate "2002.07.01"]
[SourceQuality "1"]

1. e4 c5 2. Nf3 d6 3. d4 cxd4 4. Bc4 Nf6 5. Qe2 Nc6 6. h3 d5 7. exd5 Nxd5 8. 0-0 Bf5 9. Rd1 Ndb4 10. Ne5 e6 11. Nd3 Be7 12. c3 Nxd3 13. Bxd3 Bxd3 14. Rxd3 Bf6 15. Be3 Qb6 16. cxd4 Bxd4 17. Bxd4 Nxd4 18. Qd2 Rd8 19. Nc3 Nc6 20. Rxd8+ Qxd8 21. Qxd8+ Kxd8 22. Rd1+ Ke7 23. Ne4 Rd8 24. Re1 Rd5 25. f4 Nb4 26. Nc3 Rd2 27. a3 Nd3 28. Re4 Rxb2 29. Rc4 Kf6 30. g4 Ne1 31. Ne4+ Kg6 32. Kf1 Nc2 33. Rc3 h6 34. a4 Nd4 35. Nd6 Rb6 36. Nc4 Rb1+ 37. Kf2 Nc6 38. Ra3 Rc1 39. Nd2 b6 40. Nf3 Rc4 41. Kg3 f6 42. h4 Na5 43. h5+ Kf7 44. g5 Nb7 45. gxh6 gxh6 46. Nh4 Nc5 47. a5 b5 48. f5 e5 49. Ra2 Ne4+ 50. Kh3 Rc3+ 51. Kg2 b4 52. Nf3 b3 53. Ra1 Rc2+ 54. Kh3 b2 55. Rb1 Nc3 0-1

[Event "GER-ch U16 Girls"]
[Site "Winterberg"]
[Date "2002.??.??"]
[Round "2"]
[White "Janotta, Steffi"]
[Black "Brethauer, Sarah"]
[Result "1/2-1/2"]
[WhiteElo "1725"]
[BlackElo "1678"]
[PlyCount "91"]
[EventDate "2002.05.19"]
[EventType "swiss"]
[EventRounds "8"]
[EventCountry "GER"]
[SourceTitle "CBM 088 Extra"]
[Source "ChessBase"]
[SourceDate "2002.07.01"]
[SourceVersion "2"]
[SourceVersionDate "2002.07.01"]
[SourceQuality "1"]

1. e4 c5 2. Nf3 d6 3. d4 cxd4 4. Nxd4 Nf6 5. Nc3 g6 6. Be3 Bg7 7. f3 0-0 8. Qd2 Nc6 9. 0-0-0 Nxd4 10. Bxd4 Be6 11. Kb1 a6 12. g4 b5 13. h4 Qc7 14. h5 Rfc8 15. hxg6 hxg6 16. Be2 Qa5 17. g5 b4 18. Nd5 Nxd5 19. exd5 Qxd5 20. Qxb4 Qxa2+ 21. Kc1 Rab8 22. Qa3 Qxa3 23. bxa3 Bb3 24. Bxg7 Rxc2+ 25. Kb1 Kxg7 26. Bxa6 Ba4+ 27. Ka1 Rc3 28. Rd3 Rxd3 29. Bxd3 Bc6 30. Be4 Bxe4 31. fxe4 Ra8 32. Ka2 Ra4 33. Re1 f6 34. gxf6+ Kxf6 35. Kb3 Ra5 36. Kb4 Re5 37. a4 Ke6 38. a5 Kd7 39. Rc1 Rxe4+ 40. Kb5 Re2 41. Kb6 Rb2+ 42. Ka7 Rb5 43. a6 g5 44. Rc4 Rb3 45. Rg4 Rb5 46. Rc4 1/2-1/2

[Event "GER-chT U16"]
[Site "Bensdorf"]
[Date "2001.12.29"]
[Round "6.3"]
[White "Brethauer, Sarah"]
[Black "Wolowski, Laura"]
[Result "1/2-1/2"]
[WhiteElo "1625"]
[BlackElo "1571"]
[PlyCount "77"]
[EventDate "2001.12.??"]
[EventType "team"]
[EventRounds "7"]
[EventCountry "GER"]
[SourceTitle "EXT 2003"]
[Source "ChessBase"]
[SourceDate "2002.11.25"]
[SourceVersion "1"]
[SourceVersionDate "2002.11.25"]
[SourceQuality "1"]

1. e4 c6 2. d4 d5 3. Nc3 dxe4 4. Nxe4 Nf6 5. Nxf6+ gxf6 6. Bf4 Bf5 7. c3 e6 8. Nf3 Bd6 9. Bxd6 Qxd6 10. Bd3 Bg6 11. Qe2 Nd7 12. 0-0-0 0-0-0 13. Rhe1 Nb6 14. Kb1 Nd5 15. Bxg6 hxg6 16. g3 g5 17. h4 gxh4 18. Nxh4 Kb8 19. Nf3 Rh6 20. Nd2 Nb6 21. Ne4 Qe7 22. Qf3 Kc8 23. Rh1 Rg6 24. Rh7 f5 25. Nc5 Nd7 26. Nd3 Nf6 27. Rh4 Rg7 28. Re1 Qd6 29. Reh1 Qd5 30. Qe3 Ng4 31. Qf4 Qd6 32. Qxd6 Rxd6 33. Rh7 Rxh7 34. Rxh7 Rd7 35. Nc5 Re7 36. Nd3 Kc7 37. Kc2 b6 38. Kd2 Kd6 39. f3 1/2-1/2